| 000 | 00908cad a22002535a 4500 | ||
|---|---|---|---|
| 001 | L158875 | ||
| 008 | 121219e2015 xxk 000 0 eng d | ||
| 035 | _a(Sirsi) u158875 | ||
| 041 | 0 | _aeng | |
| 100 | 1 | _aAllan, R. | |
| 245 | 0 | 2 |
_aA rotten thing to happen _h[electronic resource] |
| 260 | _c2015 | ||
| 490 |
_aRICS Property Journal _vSeptember-October 2015, 44-45(2) |
||
| 520 | _aDiscusses how infestation and decay manifest themselves in buildings | ||
| 650 | 2 | 4 | _aTIMBER DECAY |
| 650 | 2 | 4 | _aBUILT ENVIRONMENT-BUILDING PATHOLOGY-FUNGAL INFESTATION-FUNGI-DRY ROT |
| 650 | 2 | 4 | _aWET ROT |
| 650 | 2 | 4 | _aINFESTATION |
| 651 | 4 |
_aUnited Kingdom _y |
|
| 690 | _aBuilding materials and defects | ||
| 710 |
_aRoyal Institution of Chartered Surveyors _94900 |
||
| 856 | 4 | 0 |
_uhttps://www.rics.org/uk/news/journals/property-journal _zView the journal free of charge at www.rics.org/journals... |
| 942 | _n0 | ||
| 999 |
_c84721 _d84721 |
||